000
00249nam a22000857a 4500
008
151006t xxu||||| |||| 00| 0 eng d
020
_6
978-81-8435-081-4
100
_a
Manoj Kumar Mohanty
_9
1293
245
_a
Plant Biotechnology
_b
principles and practices
999
_c
479853
_d
479853